World literature: Since 1300, Vol 2 / (Record no. 5897)
[ view plain ]
| 000 -LEADER | |
|---|---|
| fixed length control field | 00473cam a2200169ua 4500 |
| 041 ## - LANGUAGE CODE | |
| Language code of text/sound track or separate title | eng |
| 082 ## - DEWEY DECIMAL CLASSIFICATION NUMBER | |
| Classification number | 800 |
| Item number | TRA/WO |
| 100 ## - MAIN ENTRY--AUTHOR NAME | |
| Personal name | Trawick , Buckner B . |
| 245 ## - TITLE STATEMENT | |
| Title | World literature: Since 1300, Vol 2 / |
| 260 ## - PUBLICATION, DISTRIBUTION, ETC. (IMPRINT) | |
| Place of publication | New York : |
| Name of publisher | Barnes & Noble , |
| Year of publication | 1961. |
| 300 ## - PHYSICAL DESCRIPTION | |
| Number of Pages | 371 ; . |
| 490 0# - SERIES STATEMENT | |
| Series statement | College outline series, |
| Volume number/sequential designation | 93 |
| 942 ## - ADDED ENTRY ELEMENTS (KOHA) | |
| Koha item type | Books |
| Withdrawn status | Lost status | Damaged status | Home library | Current library | Date acquired | Full call number | Accession Number | Koha item type | Public note |
|---|---|---|---|---|---|---|---|---|---|
| Withdrawn | KAUAET | KAUAET | 07/04/2012 | 800 | 3128 | Books | Deleted |
